đŸŽ¶ Paroles "La quĂȘte" Orelsan - Statistiques

Statistiques générales
  • Ce quiz a Ă©tĂ© pris 3 170 fois
  • Le rĂ©sultat moyen est 382 sur 500
Statistiques - réponses
Mots % Correct
Ă 
98%
À
98%
A
98%
m'{a}
98%
...) C'
96%
C'
96%
Casper
96%
cinq {ans}
96%
cinq {ans},
96%
dix {ans},
96%
d'{la}
96%
douze {ans},
96%
la
96%
lĂ "
96%
lĂ 
96%
lĂ ,
96%
onze {ans},
96%
Quatorze {ans},
96%
quinze {ans},
96%
seize {ans}
96%
seize {ans},
96%
sept {ans},
96%
sept {ans}
96%
c'{que}
95%
ma
95%
Ma
95%
Que
95%
que
95%
"T'{es}
95%
C'{est}
94%
c'{est}
94%
de
94%
d'{me}
94%
en
94%
est
94%
J' {ai}
94%
J'{ai}
94%
Jordan 8
94%
me
94%
et
92%
Et
92%
pas
92%
pas,
92%
j'{le}
91%
le
91%
Le
91%
qu'{le}
91%
la {quĂȘte}
87%
par
87%
quĂȘte
87%
sa
87%
plus
86%
d'à {cÎté}
85%
dit,
85%
je
85%
Je
85%
m'{dit},
85%
"PrĂšs
85%
prof
85%
au
84%
Au
84%
Elle
84%
elle
84%
les
84%
Les
84%
Maman
84%
Rien
84%
rien"
84%
rien
84%
sept
84%
Un
84%
un
84%
avoir
83%
C'{qui}
83%
fenĂȘtre
83%
j'{voulais}
83%
maĂźtresse
83%
Pour
83%
pour
83%
qui
83%
des
82%
j'{passe}
82%
Mon
82%
mon
82%
toi,
82%
"Toi
82%
d'{voir}
81%
J'{aime}
81%
juste
81%
mĂȘme
81%
m'{voir}
81%
pĂšre,
81%
pĂšre
81%
compte
80%
dix-sept (...
80%
il
80%
Il
80%
l'{arrivée}
80%
maternelle
80%
mĂšre
80%
place"
80%
tout"
80%
tout
80%
tout,
80%
ĂȘtre
79%
j'{étais}
79%
j'{suis}
79%
reste
79%
temps
79%
on
78%
On
78%
peu
78%
pressé
78%
basket
77%
ça
77%
classe
77%
dans
77%
foi
77%
l'{univers}
77%
s'{arrĂȘte}
77%
vie
77%
j'{sais}
76%
"J'{sais}
76%
pĂąte
76%
quand
76%
Quand
76%
jour
75%
l'{odeur}
75%
mes
75%
modeler
75%
sûr
75%
sur
75%
avec
74%
perdu
74%
qu'{avec}
74%
frĂšre
73%
Mais
73%
treize ...
73%
arriĂšre
72%
dis
72%
j'{aimerais}
72%
j'{dis}
72%
J'{fais}
72%
j'{fais}
72%
nous
72%
t'{as}
72%
censé
71%
fier
71%
potes
71%
une
71%
Aujourd'hui
70%
avait
70%
cours
70%
Donc
70%
donc
70%
fan
70%
tous
70%
demande
69%
fume
69%
l'{air}
69%
paradis
69%
peut
69%
seize ...
69%
si
69%
aller
68%
J'{veux}
68%
m'{ramener}
68%
offert
68%
profs
68%
s'{fout}
68%
matchs
67%
rendre
67%
scratch
67%
héros,
66%
moi
66%
musique
66%
s'{énerve}
66%
vient
66%
fait
65%
mettre,
65%
m'{fait}
65%
collĂšge,
64%
facile
64%
mieux
64%
petit
64%
bourge
63%
chaussures
63%
j'{préfÚre}
63%
l'{amour}
63%
meuf,
63%
préfÚre
63%
blinde
62%
croire
62%
Dieu
62%
faire
62%
mal
62%
m'{traite}
62%
seul
62%
livres,
61%
américain
60%
coûtent
60%
m'{habille}
60%
pleut
60%
bordel
59%
Du
59%
joints
59%
parents
59%
répercute
59%
clopes
58%
content
58%
j'{fous}
58%
j'{traĂźne}
58%
J'{traĂźne}
58%
essayer
57%
fantĂŽme
57%
gueule
57%
J'{vois}
57%
Normal,
57%
froid
56%
comme
55%
disent
55%
J'{abandonne}
55%
J'{rentre}
55%
catéchisme
54%
m'{planquer}
54%
rejoindre
54%
fois
53%
j'{déménage}
53%
m'{éclate}
53%
skatepark
53%
surcoté
53%
Alors
52%
mariage
52%
sépare
52%
sévÚre
52%
j'{raconte}
51%
raps
51%
frangin
50%
gars
50%
guerre
50%
mains
50%
moins
50%
trop
50%
maison,
49%
abandonner
48%
anime
48%
Ăąge
47%
cloques
47%
j'{ose}
47%
quelques
47%
réciproque
47%
biĂšres,
46%
boit
46%
point
46%
Pourtant
46%
années
45%
dire
45%
froide
45%
lĂąchement
45%
passent,
45%
Sont
45%
amoureux
44%
bague
44%
autres
43%
chanter
43%
choses
43%
filme
43%
j'{mets}
43%
s'{comprend}
43%
terrain
43%
veut
43%
frangine
42%
mĂȘmes
42%
personne
42%
feuilles
41%
remplissent
41%
mortes
40%
salles
40%
tombé
40%
bulletin
39%
Chérie
38%
j'{regarde}
37%
J'{balaye}
36%
boucle
35%
Kids
35%
intercepter
34%
Vu
34%
peur
30%
ventre
30%
marches,
26%
J'{descends}
25%
Souvent
23%
Aucun quiz correspondant
Distribution des résultats
% des personnes avec chaque résultat
Percentile par nombre de réponses
Votre historique - résultats
Vous n’avez pas pris ce quiz